书目信息 |
| 题名: |
午夜将至
|
|
| 作者: | 多布斯 著 ;陶泽慧 , 赵进生 译 | |
| 分册: | ||
| 出版信息: | 北京 社会科学文献出版社 2015 |
|
| 页数: | 546页 | |
| 开本: | 21cm | |
| 丛书名: | ||
| 单 册: | ||
| 中图分类: | D851.29 , E712.1 | |
| 科图分类: | ||
| 主题词: | 美俄关系--mei e guan xi--国际关系史--史料 , 美俄关系--mei e guan xi--核安全--史料 | |
| 电子资源: | ||
| ISBN: | 978-7-5097-7293-5 | |
| 000 | 01394nam0 22003131 450 | |
| 001 | 0109172524 | |
| 005 | 20170309172524.0 | |
| 010 | @a978-7-5097-7293-5@b精装@dCNY79.00 | |
| 100 | @a20151202d2015 em y0chiy50 ea | |
| 101 | 1 | @achi@ceng |
| 102 | @aCN@b110000 | |
| 105 | @aab z 001yy | |
| 106 | @ar | |
| 200 | 1 | @a午夜将至@9wu ye jiang zhi@e核战边缘的肯尼迪、赫鲁晓夫与卡斯特罗@dOne minute to midnight@ekennedy, khrushchev, and castro on the brink of nuclear war@f(美)迈克尔·多布斯(Michael Dobbs)著@g陶泽慧,赵进生译@zeng |
| 210 | @a北京@c社会科学文献出版社@d2015 | |
| 215 | @a546页@c图,地图@d21cm | |
| 305 | @a据Alfred A. Knopf 2008年版本译出 | |
| 330 | @a本书是一部对古巴导弹危机的私人特写。全书共分十四章,内容包括:美国人、苏联人、古巴人、国际、核弹、先发制人、击落等。 | |
| 510 | 1 | @aOne minute to midnight@ekennedy, khrushchev, and castro on the brink of nuclear war@zeng |
| 517 | 1 | @a核战边缘的肯尼迪、赫鲁晓夫与卡斯特罗@9he zhan bian yuan de ken ni di he lu xiao fu yu ka si te luo |
| 606 | 0 | @a美俄关系@9mei e guan xi@x国际关系史@j史料 |
| 606 | 0 | @a美俄关系@9mei e guan xi@x核安全@j史料 |
| 690 | @aD851.29@v5 | |
| 690 | @aE712.1@v5 | |
| 701 | 0 | @c(美)@a多布斯@9duo bu si@c(Dobbs, Michael)@4著 |
| 702 | 0 | @a陶泽慧@9tao ze hui@c(英文硕士)@4译 |
| 702 | 0 | @a赵进生@9zhao jin sheng@4译 |
| 801 | 0 | @aCN@bTANGWEI@c20170308 |
| 905 | @b0954273-5@dD851.29@e67@f3 | |
| 午夜将至:核战边缘的肯尼迪、赫鲁晓夫与卡斯特罗=One minute to midnight:kennedy, khrushchev, and castro on the brink of nuclear war/(美)迈克尔·多布斯(Michael Dobbs)著/陶泽慧,赵进生译.-北京:社会科学文献出版社,2015 |
| 546页:图,地图;21cm |
| ISBN 978-7-5097-7293-5(精装):CNY79.00 |
| 本书是一部对古巴导弹危机的私人特写。全书共分十四章,内容包括:美国人、苏联人、古巴人、国际、核弹、先发制人、击落等。 |
| ● |
| 相关链接 |
|
|
|
|
正题名:午夜将至
索取号:D851.29/67
 
预约/预借
| 序号 | 登录号 | 条形码 | 馆藏地/架位号 | 状态 | 备注 |
| 1 | 0954273 | 209542734 | 第一样本阅览室/ [索取号:D851.29/67] | 在馆 | |
| 2 | 0954274 | 209542743 | 第一借阅区/ [索取号:D851.29/67] | 在馆 | |
| 3 | 0954275 | 209542752 | 第一借阅区/ [索取号:D851.29/67] | 在馆 |